La vida literaria en la Edad Media (Record no. 45505)

MARC details
000 -LEADER
campo de control de longitud fija 00712nam a2200205 i 4500
001 - NÚMERO DE CONTROL
campo de control 45505
003 - IDENTIFICADOR DE NÚMERO DE CONTROL
campo de control ES-MaACL
005 - FECHA Y HORA DE LA ÚLTIMA TRANSACCIÓN
campo de control 20231218204913.0
007 - CAMPO FIJO DE DESCRIPCIÓN FÍSICA--INFORMACIÓN GENERAL
campo de control de longitud fija t|
008 - DATOS DE LONGITUD FIJA--INFORMACIÓN GENERAL
campo de control de longitud fija 030326s1977 sp |||| | spa d
100 1# - ENTRADA PRINCIPAL--NOMBRE DE PERSONA
Nombre de persona Cohen, Gustave.
9 (RLIN) 39495
245 13 - MENCIÓN DEL TÍTULO
Título La vida literaria en la Edad Media
Resto del título : la literatura francesa del siglo IX al XV /
Mención de responsabilidad, etc. Gustave Cohen ; [traducción de Margarita Nelken].
250 ## - MENCION DE EDICION
Mención de edición 1ª ed.
260 ## - PUBLICACIÓN, DISTRIBUCIÓN, ETC.
Lugar de publicación, distribución, etc. Madrid :
Nombre del editor, distribuidor, etc. Fondo de Cultura Económica,
Fecha de publicación, distribución, etc. [1977]
300 ## - DESCRIPCIÓN FÍSICA
Extensión 358 p. ;
Dimensiones 21 cm.
650 #4 - PUNTO DE ACCESO ADICIONAL DE MATERIA--TÉRMINO DE MATERIA
Término de materia o nombre geográfico como elemento de entrada Literatura francesa-
Subdivisión cronológica Hasta S.XV-
Subdivisión general Historia y crítica.
9 (RLIN) 168427
700 1# - ENTRADA AGREGADA--NOMBRE PERSONAL
Nombre de persona Nelken, Margarita,
Fechas asociadas al nombre 1894-1968
9 (RLIN) 85355
852 ## - LOCALIZACIÓN
Ubicación ES-MaACL
Número de control de estantería A-8028
Holdings
Estatus retirado Estado de pérdida Estado de daño No para préstamo Biblioteca de origen Biblioteca actual Ubicación en estantería Fecha de adquisición Fuente de adquisición Total de préstamos Signatura topográfica completa Código de barras Visto por última vez Precio de reemplazo Tipo de ítem Koha
        Biblioteca del Ateneo de Madrid Biblioteca del Ateneo de Madrid Sala Pecera Planta 1 17/01/2008     A-8028 1047878 23/02/2023 23/02/2023 Libro impreso